00696nam a2200241 a 4500001001300000003000900013005001700022008004100039020002300080082001500103100001600118245002600134260003700160300000900197500003500206505001000241650002700251700001600278902000800294942000700302952012800309999001700437nice12345678IN_TiNIC20260116014217.0050524s2003 dela grp 000 0 eng  a817880X c60000a305.4bROY aRoy, Ashine aHuman Rights of Women aDelhibRajat Publications c2003 a302p aincludes index and biblioraphy2 aIndex aWomen and Human Rights1 aRoy, Ashine bSRS cBK 001040708StackRoom-aHMIbHMId2009-04-21g600.00l3o305.4 ROYp020443r2022-06-23s2022-06-15v600.00w2005-05-24yBK c14345d14345